[Event "DEM U14 2020"]
[Site "Willingen GER"]
[Date "2020.10.21"]
[Round "2"]
[White "Kort, Felix"]
[Black "Foerster-Yialamas, Lucas"]
[Result "1-0"]
[Termination "normal"]
[Board "10"]
[BlackTitle "CM"]
[WhiteElo "1823"]
[BlackElo "2033"]
[WhiteClock "00:28:37"]
[BlackClock "00:32:35"]
[PlyCount "95"]
[WhiteFideId "16220129"]
[BlackFideId "30901774"]
[EventCountry "GER"]
[EventRounds "7"]
[EventType "swiss"]
[EventDate "2020.10.19"]

1. d4 {[%clk 1:30:58]} Nf6 {[%clk 1:30:59]} 2. c4 {[%clk 1:31:21]} g6 {[%clk
1:31:29]} 3. f3 {[%clk 1:31:44]} d5 {[%clk 1:31:51]} 4. cxd5 {[%clk 1:32:07]}
Nxd5 {[%clk 1:32:18]} 5. e4 {[%clk 1:32:28]} Nb6 {[%clk 1:32:47]} 6. Nc3 {[%clk
1:31:34]} Bg7 {[%clk 1:33:16]} 7. Be3 {[%clk 1:31:55]} O-O {[%clk 1:33:40]} 8.
Qd2 {[%clk 1:27:04]} e5 {[%clk 1:34:08]} 9. d5 {[%clk 1:22:18]} c6 {[%clk
1:34:38]} 10. d6 {[%clk 1:19:27]} Re8 {[%clk 1:34:49]} 11. O-O-O {[%clk
1:17:32]} Be6 {[%clk 1:35:01]} 12. h4 {[%clk 1:12:30]} N8d7 {[%clk 1:29:50]}
13. Bh6 {[%clk 1:04:13]} Nc5 {[%clk 1:21:16]} 14. Bxg7 {[%clk 0:59:37]} Kxg7
{[%clk 1:21:32]} 15. h5 {[%clk 0:55:48]} Qd7 {[%clk 1:21:26]} 16. hxg6 {[%clk
0:50:31]} fxg6 {[%clk 1:21:54]} 17. Qe3 {[%clk 0:44:39]} Nca4 {[%clk 1:16:04]}
18. Nxa4 {[%clk 0:41:11]} Nxa4 {[%clk 1:16:26]} 19. b3 {[%clk 0:41:15]} Nb6
{[%clk 1:16:42]} 20. Be2 {[%clk 0:37:56]} Kg8 {[%clk 1:13:25]} 21. f4 {[%clk
0:34:32]} exf4 {[%clk 1:12:17]} 22. Qxf4 {[%clk 0:34:52]} c5 {[%clk 1:10:13]}
23. Nf3 {[%clk 0:29:22]} c4 {[%clk 1:01:27]} 24. Kb2 {[%clk 0:25:35]} Qg7+
{[%clk 0:59:35]} 25. e5 {[%clk 0:23:14]} c3+ {[%clk 0:59:35]} 26. Kc2 {[%clk
0:20:16]} Nd5 {[%clk 0:58:55]} 27. Qd4 {[%clk 0:19:18]} a5 {[%clk 0:57:43]} 28.
a3 {[%clk 0:18:55]} Qf7 {[%clk 0:41:13]} 29. Bd3 {[%clk 0:11:32]} Qf4 {[%clk
0:07:07]} 30. Qxf4 {[%clk 0:07:59]} Nxf4 {[%clk 0:07:35]} 31. Nd4 {[%clk
0:04:57]} Nxg2 {[%clk 0:05:05]} 32. Nxe6 {[%clk 0:04:14]} Rxe6 {[%clk 0:04:28]}
33. Rhe1 {[%clk 0:02:31]} Nxe1+ {[%clk 0:01:46]} 34. Rxe1 {[%clk 0:02:56]} Ree8
{[%clk 0:00:34]} 35. Bb5 {[%clk 0:01:47]} Kf7 {[%clk 0:00:46]} 36. Bc4+ {[%clk
0:01:27]} Kg7 {[%clk 0:01:15]} 37. e6 {[%clk 0:01:18]} b6 {[%clk 0:00:33]} 38.
e7 {[%clk 0:00:58]} Kf6 {[%clk 0:00:37]} 39. Bb5 {[%clk 0:00:48]} Kf7 {[%clk
0:00:39]} 40. Rf1+ {[%clk 0:00:44]} Ke6 {[%clk 0:00:53]} 41. Bxe8 {[%clk
0:26:58]} Rxe8 {[%clk 0:30:53]} 42. Rf8 {[%clk 0:27:19]} Kd7 {[%clk 0:31:20]}
43. Kxc3 {[%clk 0:27:37]} h5 {[%clk 0:31:21]} 44. Kd4 {[%clk 0:27:41]} h4
{[%clk 0:31:46]} 45. Ke5 {[%clk 0:27:53]} h3 {[%clk 0:31:51]} 46. Rxe8 {[%clk
0:28:12]} Kxe8 {[%clk 0:32:12]} 47. Ke6 {[%clk 0:28:37]} h2 {[%clk 0:32:35]}
48. d7# 1-0

[Event "DEM U14 2020"]
[Site "Willingen GER"]
[Date "2020.10.21"]
[Round "2"]
[White "Pfeffer, Samuel"]
[Black "Pikalow, Michael"]
[Result "0-1"]
[Termination "normal"]
[Board "11"]
[WhiteElo "1427"]
[BlackElo "2021"]
[WhiteClock "00:44:10"]
[BlackClock "00:16:54"]
[PlyCount "62"]
[WhiteFideId "16249160"]
[BlackFideId "16227638"]
[EventCountry "GER"]
[EventRounds "7"]
[EventType "swiss"]
[EventDate "2020.10.19"]

1. d4 {[%clk 1:30:58]} Nf6 {[%clk 1:30:56]} 2. c4 {[%clk 1:29:52]} c5 {[%clk
1:31:22]} 3. e3 {[%clk 1:29:04]} e6 {[%clk 1:27:01]} 4. Nf3 {[%clk 1:26:54]}
Be7 {[%clk 1:15:27]} 5. Nc3 {[%clk 1:25:15]} O-O {[%clk 1:13:34]} 6. Be2 {[%clk
1:23:16]} a6 {[%clk 1:08:59]} 7. e4 {[%clk 1:18:34]} cxd4 {[%clk 1:08:32]} 8.
Nxd4 {[%clk 1:17:54]} d6 {[%clk 1:08:49]} 9. g4 {[%clk 1:16:44]} Ne8 {[%clk
1:01:10]} 10. Be3 {[%clk 1:14:58]} Nc6 {[%clk 0:51:33]} 11. Qd2 {[%clk
1:12:40]} Bd7 {[%clk 0:50:36]} 12. O-O-O {[%clk 1:10:49]} Nxd4 {[%clk 0:48:37]}
13. Bxd4 {[%clk 1:10:28]} b5 {[%clk 0:48:22]} 14. Rdg1 {[%clk 1:06:49]} b4
{[%clk 0:36:55]} 15. Nd1 {[%clk 1:06:33]} Qa5 {[%clk 0:36:55]} 16. Kb1 {[%clk
1:04:18]} Bc6 {[%clk 0:35:06]} 17. f3 {[%clk 1:01:55]} Nc7 {[%clk 0:31:15]} 18.
h4 {[%clk 1:00:09]} d5 {[%clk 0:29:57]} 19. cxd5 {[%clk 0:58:39]} exd5 {[%clk
0:29:00]} 20. e5 {[%clk 0:57:43]} Ne6 {[%clk 0:26:45]} 21. Ne3 {[%clk 0:55:39]}
Nxd4 {[%clk 0:26:34]} 22. Qxd4 {[%clk 0:55:46]} Bc5 {[%clk 0:27:00]} 23. Qf4
{[%clk 0:55:27]} b3 {[%clk 0:23:42]} 24. Nf5 {[%clk 0:46:20]} Qxa2+ {[%clk
0:22:27]} 25. Kc1 {[%clk 0:46:31]} Qa1+ {[%clk 0:22:27]} 26. Kd2 {[%clk
0:46:56]} Qxb2+ {[%clk 0:22:50]} 27. Ke1 {[%clk 0:46:24]} Qc3+ {[%clk 0:20:51]}
28. Kf1 {[%clk 0:46:12]} Bb5 {[%clk 0:16:31]} 29. Nxg7 {[%clk 0:44:23]} Bxe2+
{[%clk 0:16:54]} 30. Kxe2 {[%clk 0:44:12]} Qc2+ {[%clk 0:16:55]} 31. Ke1 {[%clk
0:44:10]} b2 {[%clk 0:16:54]} 0-1

[Event "DEM U14 2020"]
[Site "Willingen GER"]
[Date "2020.10.21"]
[Round "2"]
[White "Brunner, Alexander"]
[Black "Hagner, Bennet"]
[Result "0-1"]
[Termination "normal"]
[Board "13"]
[WhiteElo "1692"]
[BlackElo "2080"]
[WhiteClock "00:40:29"]
[BlackClock "00:32:43"]
[PlyCount "66"]
[WhiteFideId "12965278"]
[BlackFideId "16224477"]
[EventCountry "GER"]
[EventRounds "7"]
[EventType "swiss"]
[EventDate "2020.10.19"]

1. d4 {[%clk 1:30:56]} d5 {[%clk 1:30:53]} 2. c4 {[%clk 1:31:18]} c6 {[%clk
1:31:18]} 3. Nf3 {[%clk 1:31:37]} Nf6 {[%clk 1:31:42]} 4. Nc3 {[%clk 1:31:56]}
e6 {[%clk 1:32:06]} 5. e3 {[%clk 1:32:19]} Nbd7 {[%clk 1:32:25]} 6. Qc2 {[%clk
1:32:24]} Bd6 {[%clk 1:32:46]} 7. Bd3 {[%clk 1:32:34]} dxc4 {[%clk 1:33:09]} 8.
Bxc4 {[%clk 1:32:58]} b5 {[%clk 1:33:33]} 9. Be2 {[%clk 1:33:11]} O-O {[%clk
1:33:32]} 10. O-O {[%clk 1:33:03]} Bb7 {[%clk 1:33:50]} 11. e4 {[%clk 1:31:47]}
e5 {[%clk 1:34:07]} 12. dxe5 {[%clk 1:32:05]} Nxe5 {[%clk 1:34:03]} 13. Nd4
{[%clk 1:31:50]} Neg4 {[%clk 1:16:12]} 14. g3 {[%clk 1:30:25]} Bxg3 {[%clk
1:14:58]} 15. hxg3 {[%clk 1:30:45]} Qxd4 {[%clk 1:15:21]} 16. Qd1 {[%clk
1:31:05]} Qxd1 {[%clk 1:14:45]} 17. Rxd1 {[%clk 1:31:28]} Rad8 {[%clk 1:13:22]}
18. Bf4 {[%clk 1:26:59]} Rfe8 {[%clk 1:06:57]} 19. Rxd8 {[%clk 1:26:33]} Rxd8
{[%clk 1:07:26]} 20. e5 {[%clk 1:26:50]} b4 {[%clk 1:03:25]} 21. Na4 {[%clk
1:24:08]} Re8 {[%clk 1:02:43]} 22. e6 {[%clk 1:10:13]} fxe6 {[%clk 0:55:18]}
23. Nc5 {[%clk 1:08:26]} Bc8 {[%clk 0:54:02]} 24. Bc4 {[%clk 0:59:48]} Nd5
{[%clk 0:52:58]} 25. Bd2 {[%clk 0:53:08]} Ne5 {[%clk 0:48:59]} 26. Bxd5 {[%clk
0:53:09]} exd5 {[%clk 0:49:19]} 27. Bxb4 {[%clk 0:53:28]} Bh3 {[%clk 0:45:54]}
28. f4 {[%clk 0:51:02]} Nf3+ {[%clk 0:42:16]} 29. Kf2 {[%clk 0:51:04]} Bg4
{[%clk 0:42:26]} 30. Nd3 {[%clk 0:50:41]} Re4 {[%clk 0:33:34]} 31. Rc1 {[%clk
0:44:31]} Nd4 {[%clk 0:32:37]} 32. Ne5 {[%clk 0:40:08]} Re2+ {[%clk 0:32:25]}
33. Kg1 {[%clk 0:40:29]} Rxe5 {[%clk 0:32:43]} 0-1

[Event "DEM U14 2020"]
[Site "Willingen GER"]
[Date "2020.10.21"]
[Round "2"]
[White "Mimkes, Antal"]
[Black "Ohler, Julius"]
[Result "0-1"]
[Termination "normal"]
[Board "14"]
[WhiteElo "1567"]
[BlackElo "2011"]
[WhiteClock "00:28:23"]
[BlackClock "00:35:39"]
[PlyCount "78"]
[WhiteFideId "16265963"]
[BlackFideId "16238982"]
[EventCountry "GER"]
[EventRounds "7"]
[EventType "swiss"]
[EventDate "2020.10.19"]

1. e4 {[%clk 1:30:55]} c6 {[%clk 1:30:22]} 2. Nc3 {[%clk 1:29:33]} d5 {[%clk
1:30:44]} 3. d4 {[%clk 1:29:22]} dxe4 {[%clk 1:30:52]} 4. f3 {[%clk 1:29:29]}
exf3 {[%clk 1:30:59]} 5. Nxf3 {[%clk 1:29:15]} Nf6 {[%clk 1:31:16]} 6. Bc4
{[%clk 1:28:45]} Bf5 {[%clk 1:25:24]} 7. O-O {[%clk 1:26:57]} e6 {[%clk
1:23:05]} 8. Bg5 {[%clk 1:24:01]} Be7 {[%clk 1:21:52]} 9. Qe2 {[%clk 1:23:39]}
O-O {[%clk 1:21:28]} 10. Rad1 {[%clk 1:21:52]} Nbd7 {[%clk 1:15:50]} 11. Ne5
{[%clk 1:20:27]} Nb6 {[%clk 1:14:11]} 12. Bb3 {[%clk 1:18:55]} Nbd5 {[%clk
1:13:52]} 13. Nxd5 {[%clk 1:12:34]} cxd5 {[%clk 1:13:31]} 14. Ba4 {[%clk
1:09:47]} Ne4 {[%clk 1:08:49]} 15. Bf4 {[%clk 1:05:24]} Qa5 {[%clk 1:05:20]}
16. Bb3 {[%clk 0:59:20]} Rac8 {[%clk 0:58:47]} 17. Qh5 {[%clk 0:53:03]} Bg6
{[%clk 0:51:31]} 18. Nxg6 {[%clk 0:51:24]} hxg6 {[%clk 0:51:14]} 19. Qg4 {[%clk
0:50:24]} g5 {[%clk 0:49:10]} 20. Be5 {[%clk 0:44:17]} f5 {[%clk 0:44:42]} 21.
Qh5 {[%clk 0:42:21]} Bf6 {[%clk 0:44:26]} 22. Qg6 {[%clk 0:40:45]} Qd8 {[%clk
0:43:54]} 23. Ba4 {[%clk 0:39:55]} Qe7 {[%clk 0:43:57]} 24. Qh5 {[%clk
0:37:01]} Bxe5 {[%clk 0:42:27]} 25. dxe5 {[%clk 0:36:46]} b5 {[%clk 0:41:11]}
26. Bb3 {[%clk 0:35:44]} Qc5+ {[%clk 0:41:01]} 27. Kh1 {[%clk 0:35:59]} Nf2+
{[%clk 0:41:25]} 28. Rxf2 {[%clk 0:36:20]} Qxf2 {[%clk 0:41:50]} 29. Qxg5
{[%clk 0:34:55]} Qe2 {[%clk 0:41:52]} 30. Rg1 {[%clk 0:31:10]} Qxe5 {[%clk
0:41:50]} 31. c3 {[%clk 0:30:00]} a5 {[%clk 0:40:16]} 32. Bd1 {[%clk 0:29:28]}
Qf6 {[%clk 0:39:41]} 33. Qg3 {[%clk 0:28:57]} b4 {[%clk 0:39:29]} 34. Re1
{[%clk 0:28:27]} bxc3 {[%clk 0:39:33]} 35. bxc3 {[%clk 0:28:47]} Qxc3 {[%clk
0:37:25]} 36. Qh4 {[%clk 0:28:12]} Rc4 {[%clk 0:37:18]} 37. Qf2 {[%clk
0:28:21]} Re4 {[%clk 0:37:06]} 38. Rg1 {[%clk 0:28:19]} d4 {[%clk 0:36:40]} 39.
Bf3 {[%clk 0:28:23]} Qe3 {[%clk 0:35:39]} 0-1

[Event "DEM U14 2020"]
[Site "Willingen GER"]
[Date "2020.10.21"]
[Round "2"]
[White "Spriestersbach, Kai"]
[Black "Niemann, Leon"]
[Result "1/2-1/2"]
[Termination "normal"]
[Board "16"]
[WhiteElo "1863"]
[BlackElo "1880"]
[WhiteClock "00:08:16"]
[BlackClock "00:04:46"]
[PlyCount "58"]
[WhiteFideId "16269985"]
[BlackFideId "16218388"]
[EventCountry "GER"]
[EventRounds "7"]
[EventType "swiss"]
[EventDate "2020.10.19"]

1. e4 {[%clk 1:30:58]} c5 {[%clk 1:30:53]} 2. Nf3 {[%clk 1:31:21]} Nc6 {[%clk
1:31:19]} 3. d4 {[%clk 1:31:45]} cxd4 {[%clk 1:31:44]} 4. Nxd4 {[%clk 1:32:09]}
Nf6 {[%clk 1:32:09]} 5. Nc3 {[%clk 1:32:33]} e6 {[%clk 1:32:34]} 6. Ndb5 {[%clk
1:32:32]} Bb4 {[%clk 1:32:57]} 7. a3 {[%clk 1:32:18]} Bxc3+ {[%clk 1:33:19]} 8.
Nxc3 {[%clk 1:32:41]} d5 {[%clk 1:33:35]} 9. exd5 {[%clk 1:29:16]} exd5 {[%clk
1:33:58]} 10. Bd3 {[%clk 1:25:47]} O-O {[%clk 1:34:17]} 11. O-O {[%clk
1:26:06]} d4 {[%clk 1:34:41]} 12. Ne2 {[%clk 1:25:35]} Bg4 {[%clk 1:34:28]} 13.
h3 {[%clk 1:22:51]} Bh5 {[%clk 1:30:53]} 14. Bf4 {[%clk 1:10:40]} Re8 {[%clk
1:17:01]} 15. Re1 {[%clk 1:09:01]} Qb6 {[%clk 1:07:02]} 16. Rb1 {[%clk
0:56:08]} Rad8 {[%clk 0:44:25]} 17. Qd2 {[%clk 0:29:29]} Bg6 {[%clk 0:27:54]}
18. Bg5 {[%clk 0:22:35]} Bxd3 {[%clk 0:24:14]} 19. Bxf6 {[%clk 0:22:45]} gxf6
{[%clk 0:16:13]} 20. cxd3 {[%clk 0:22:48]} Kh8 {[%clk 0:15:35]} 21. Ng3 {[%clk
0:22:15]} Rg8 {[%clk 0:14:18]} 22. Re4 {[%clk 0:17:12]} Ne5 {[%clk 0:12:42]}
23. Kh2 {[%clk 0:16:00]} Rg6 {[%clk 0:07:09]} 24. Qe2 {[%clk 0:10:39]} Rdg8
{[%clk 0:06:39]} 25. Rg1 {[%clk 0:10:10]} Qd6 {[%clk 0:04:41]} 26. Kh1 {[%clk
0:09:28]} Qd7 {[%clk 0:04:10]} 27. Kh2 {[%clk 0:07:27]} Qd6 {[%clk 0:03:58]}
28. Kh1 {[%clk 0:07:52]} Qd7 {[%clk 0:04:20]} 29. Kh2 {[%clk 0:08:16]} Qd6
{[%clk 0:04:46]} 1/2-1/2

[Event "DEM U14 2020"]
[Site "Willingen GER"]
[Date "2020.10.21"]
[Round "2"]
[White "Huo, Da"]
[Black "Tovmasyan, Minas"]
[Result "1/2-1/2"]
[Termination "normal"]
[Board "17"]
[WhiteElo "1868"]
[BlackElo "1658"]
[WhiteClock "00:28:36"]
[BlackClock "00:21:46"]
[PlyCount "84"]
[WhiteFideId "16221206"]
[BlackFideId "16247620"]
[EventCountry "GER"]
[EventRounds "7"]
[EventType "swiss"]
[EventDate "2020.10.19"]

1. e4 {[%clk 1:30:58]} c5 {[%clk 1:30:51]} 2. Nf3 {[%clk 1:31:24]} e6 {[%clk
1:30:52]} 3. d4 {[%clk 1:30:17]} cxd4 {[%clk 1:31:14]} 4. Nxd4 {[%clk 1:30:44]}
a6 {[%clk 1:30:57]} 5. c4 {[%clk 1:30:50]} Qc7 {[%clk 1:30:40]} 6. Nc3 {[%clk
1:30:36]} Nf6 {[%clk 1:30:23]} 7. Be2 {[%clk 1:29:22]} d6 {[%clk 1:28:37]} 8.
O-O {[%clk 1:29:10]} b6 {[%clk 1:26:36]} 9. Be3 {[%clk 1:29:07]} Bb7 {[%clk
1:25:27]} 10. f3 {[%clk 1:27:02]} Be7 {[%clk 1:23:29]} 11. Rc1 {[%clk 1:22:33]}
Nbd7 {[%clk 1:22:01]} 12. Qe1 {[%clk 1:17:06]} O-O {[%clk 1:12:10]} 13. Qf2
{[%clk 1:14:18]} Rac8 {[%clk 1:04:49]} 14. Rfd1 {[%clk 1:10:49]} Qb8 {[%clk
0:51:59]} 15. Nc2 {[%clk 1:05:52]} Bd8 {[%clk 0:41:40]} 16. Rd2 {[%clk
0:48:07]} Bc7 {[%clk 0:30:30]} 17. g3 {[%clk 0:36:52]} Rfd8 {[%clk 0:16:22]}
18. Rcd1 {[%clk 0:31:34]} h6 {[%clk 0:11:51]} 19. Nb4 {[%clk 0:29:02]} Nc5 20.
Nd3 Bc6 {[%clk 0:08:56]} 21. Nb4 {[%clk 0:21:42]} Bb7 22. Nc2 Bc6 {[%clk
0:07:15]} 23. b4 {[%clk 0:18:30]} Na4 {[%clk 0:06:52]} 24. Nd4 {[%clk 0:09:51]}
Be8 {[%clk 0:05:53]} 25. Nxa4 {[%clk 0:08:38]} Bxa4 {[%clk 0:06:22]} 26. Rb1
{[%clk 0:08:54]} Bd7 {[%clk 0:04:14]} 27. b5 {[%clk 0:08:36]} a5 {[%clk
0:03:29]} 28. Nc6 {[%clk 0:08:50]} Bxc6 {[%clk 0:03:44]} 29. bxc6 {[%clk
0:09:14]} Qa8 {[%clk 0:03:27]} 30. Bxb6 {[%clk 0:07:31]} Qxc6 {[%clk 0:03:47]}
31. Rb5 {[%clk 0:05:35]} a4 {[%clk 0:00:49]} 32. Bxc7 {[%clk 0:04:07]} Qxc7
{[%clk 0:01:18]} 33. Qb6 {[%clk 0:03:35]} Qxb6+ {[%clk 0:00:47]} 34. Rxb6
{[%clk 0:03:54]} d5 {[%clk 0:00:57]} 35. cxd5 {[%clk 0:03:47]} exd5 {[%clk
0:00:53]} 36. e5 {[%clk 0:04:02]} Nd7 {[%clk 0:00:54]} 37. Rd6 {[%clk 0:01:57]}
Nxe5 {[%clk 0:01:07]} 38. R6xd5 {[%clk 0:02:17]} Rxd5 {[%clk 0:00:56]} 39. Rxd5
{[%clk 0:02:45]} Ng6 {[%clk 0:00:33]} 40. Ra5 {[%clk 0:03:01]} Rc2 {[%clk
0:00:34]} 41. Ra8+ {[%clk 0:00:32]} Nf8 {[%clk 0:21:46]} 42. Bb5 {[%clk
0:28:36]} Rxa2 1/2-1/2

[Event "DEM U14 2020"]
[Site "Willingen GER"]
[Date "2020.10.21"]
[Round "2"]
[White "Freude, Max"]
[Black "Ehrig, Leon Chris"]
[Result "1-0"]
[Termination "normal"]
[Board "18"]
[WhiteElo "1850"]
[BlackElo "1718"]
[WhiteClock "00:01:02"]
[BlackClock "00:00:54"]
[PlyCount "76"]
[WhiteFideId "16236157"]
[BlackFideId "16244796"]
[EventCountry "GER"]
[EventRounds "7"]
[EventType "swiss"]
[EventDate "2020.10.19"]

1. e4 {[%clk 1:30:52]} c6 {[%clk 1:30:50]} 2. d4 {[%clk 1:27:32]} d5 {[%clk
1:31:11]} 3. exd5 {[%clk 1:27:30]} cxd5 {[%clk 1:27:20]} 4. Bd3 {[%clk
1:27:41]} Nc6 {[%clk 1:27:27]} 5. c3 {[%clk 1:27:55]} Qc7 {[%clk 1:27:49]} 6.
Ne2 {[%clk 1:16:53]} Bg4 {[%clk 1:26:39]} 7. f3 {[%clk 1:13:52]} Bd7 {[%clk
1:25:54]} 8. O-O {[%clk 1:05:36]} e5 {[%clk 1:23:35]} 9. dxe5 {[%clk 0:58:15]}
Nxe5 {[%clk 1:23:49]} 10. f4 {[%clk 0:56:04]} Nc6 {[%clk 1:15:01]} 11. Be3
{[%clk 0:46:55]} Bd6 {[%clk 1:09:32]} 12. Nd4 {[%clk 0:43:00]} a6 {[%clk
1:02:16]} 13. Nd2 {[%clk 0:34:51]} Nge7 {[%clk 0:58:56]} 14. N2b3 {[%clk
0:32:47]} O-O {[%clk 0:53:08]} 15. Qc2 {[%clk 0:27:35]} Ng6 {[%clk 0:47:25]}
16. Qf2 {[%clk 0:25:47]} f5 {[%clk 0:38:07]} 17. Rad1 {[%clk 0:23:32]} Rae8
{[%clk 0:34:50]} 18. g3 {[%clk 0:21:38]} Nge7 {[%clk 0:21:46]} 19. Nf3 {[%clk
0:20:18]} h6 {[%clk 0:16:38]} 20. Rfe1 {[%clk 0:20:02]} b5 {[%clk 0:13:33]} 21.
Bf1 {[%clk 0:16:58]} Rb8 {[%clk 0:09:39]} 22. Nc5 {[%clk 0:14:33]} Bc8 {[%clk
0:08:57]} 23. Nb3 {[%clk 0:12:45]} Na5 {[%clk 0:08:40]} 24. Nxa5 {[%clk
0:10:19]} Qxa5 {[%clk 0:08:52]} 25. Bc5 {[%clk 0:09:16]} Qc7 {[%clk 0:08:01]}
26. Bxd6 {[%clk 0:09:37]} Qxd6 {[%clk 0:08:26]} 27. Re5 {[%clk 0:08:46]} Bb7
{[%clk 0:06:45]} 28. Rde1 {[%clk 0:08:05]} Rbe8 {[%clk 0:05:25]} 29. Re6 {[%clk
0:07:52]} Qc7 {[%clk 0:04:47]} 30. Qe3 {[%clk 0:04:59]} Rf7 {[%clk 0:03:15]}
31. Ne5 {[%clk 0:03:47]} Rf6 {[%clk 0:02:04]} 32. Ng6 {[%clk 0:02:48]} Rxg6
{[%clk 0:01:37]} 33. Rxg6 {[%clk 0:03:13]} Nxg6 {[%clk 0:01:49]} 34. Qxe8+
{[%clk 0:03:37]} Kh7 {[%clk 0:02:15]} 35. Bg2 {[%clk 0:02:20]} Qc4 {[%clk
0:01:33]} 36. Re6 {[%clk 0:01:29]} Qc5+ {[%clk 0:01:07]} 37. Kh1 {[%clk
0:01:14]} Nf8 {[%clk 0:00:54]} 38. Re7 {[%clk 0:01:02]} Bc6 1-0

[Event "DEM U14 2020"]
[Site "Willingen GER"]
[Date "2020.10.21"]
[Round "2"]
[White "Wiedersich, Hendryk"]
[Black "Klühs, Gustaf"]
[Result "0-1"]
[Termination "normal"]
[Board "19"]
[WhiteElo "1570"]
[BlackElo "1827"]
[WhiteClock "00:20:50"]
[BlackClock "00:26:00"]
[PlyCount "54"]
[WhiteFideId "16255399"]
[BlackFideId "16228936"]
[EventCountry "GER"]
[EventRounds "7"]
[EventType "swiss"]
[EventDate "2020.10.19"]

1. e4 {[%clk 1:30:57]} e6 {[%clk 1:30:41]} 2. d4 {[%clk 1:31:17]} d5 {[%clk
1:31:06]} 3. Nd2 {[%clk 1:31:33]} c5 {[%clk 1:30:42]} 4. c3 {[%clk 1:31:15]}
Nc6 {[%clk 1:29:18]} 5. Ne2 {[%clk 1:30:29]} Be7 {[%clk 1:25:34]} 6. e5 {[%clk
1:21:41]} Nh6 {[%clk 1:15:21]} 7. f4 {[%clk 1:17:49]} Nf5 {[%clk 1:09:05]} 8.
Nf3 {[%clk 1:15:34]} Qb6 {[%clk 1:03:42]} 9. h4 {[%clk 1:02:15]} h5 {[%clk
1:02:17]} 10. g3 {[%clk 0:57:30]} cxd4 {[%clk 0:52:17]} 11. Nfxd4 {[%clk
0:57:31]} Ncxd4 {[%clk 0:47:19]} 12. cxd4 {[%clk 0:57:29]} Bd7 {[%clk 0:35:03]}
13. Bh3 {[%clk 0:50:37]} Bb5 {[%clk 0:33:58]} 14. Bxf5 {[%clk 0:47:50]} Bxe2
{[%clk 0:33:57]} 15. Qxe2 {[%clk 0:47:46]} exf5 {[%clk 0:34:21]} 16. Be3 {[%clk
0:47:32]} Rc8 {[%clk 0:33:29]} 17. Kf2 {[%clk 0:46:54]} g6 {[%clk 0:33:24]} 18.
Rhc1 {[%clk 0:43:44]} Kd7 {[%clk 0:33:37]} 19. a3 {[%clk 0:37:37]} Qb3 {[%clk
0:25:41]} 20. Rxc8 {[%clk 0:32:34]} Rxc8 {[%clk 0:25:58]} 21. Rc1 {[%clk
0:32:54]} Rxc1 {[%clk 0:26:18]} 22. Bxc1 {[%clk 0:33:12]} Kc6 {[%clk 0:25:05]}
23. Qe3 {[%clk 0:25:31]} Qc2+ {[%clk 0:25:02]} 24. Qd2 {[%clk 0:25:50]} Qxd2+
{[%clk 0:25:14]} 25. Bxd2 {[%clk 0:26:06]} Kb5 {[%clk 0:25:28]} 26. Bc3 {[%clk
0:20:49]} Kc4 {[%clk 0:25:51]} 27. a4 {[%clk 0:20:50]} Bb4 {[%clk 0:26:00]} 0-1

[Event "DEM U14 2020"]
[Site "Willingen GER"]
[Date "2020.10.21"]
[Round "2"]
[White "Rempe, Jonas"]
[Black "Bock, Marlon"]
[Result "1-0"]
[Termination "normal"]
[Board "20"]
[WhiteElo "1925"]
[BlackElo "1776"]
[WhiteClock "00:25:36"]
[BlackClock "00:19:10"]
[PlyCount "35"]
[WhiteFideId "16202406"]
[BlackFideId "16244931"]
[EventCountry "GER"]
[EventRounds "7"]
[EventType "swiss"]
[EventDate "2020.10.19"]

1. e4 {[%clk 1:30:54]} d6 {[%clk 1:30:55]} 2. d4 {[%clk 1:31:21]} Nf6 {[%clk
1:31:15]} 3. Nc3 {[%clk 1:31:32]} e5 {[%clk 1:31:24]} 4. Nf3 {[%clk 1:31:55]}
Nbd7 {[%clk 1:31:09]} 5. Rg1 {[%clk 1:32:10]} c6 {[%clk 1:19:45]} 6. g4 {[%clk
1:20:24]} g6 {[%clk 1:08:09]} 7. Be3 {[%clk 1:15:19]} Qc7 {[%clk 1:00:07]} 8.
Qd2 {[%clk 1:13:35]} b5 {[%clk 0:54:08]} 9. g5 {[%clk 0:52:36]} Nh5 {[%clk
0:44:53]} 10. O-O-O {[%clk 0:32:23]} a5 {[%clk 0:35:54]} 11. dxe5 {[%clk
0:26:47]} Nxe5 {[%clk 0:25:37]} 12. Nxe5 {[%clk 0:24:35]} dxe5 {[%clk 0:25:43]}
13. Nxb5 {[%clk 0:24:34]} cxb5 {[%clk 0:20:02]} 14. Bxb5+ {[%clk 0:24:56]} Ke7
{[%clk 0:19:45]} 15. Bc5+ {[%clk 0:24:46]} Qxc5 {[%clk 0:19:29]} 16. Qd8+
{[%clk 0:25:10]} Ke6 {[%clk 0:19:10]} 17. Bd7+ {[%clk 0:25:36]} Bxd7 18. Qxd7#
1-0